000 00426nam a2200157 4500
005 20260213115457.0
008 260213b |||||||| |||| 00| 0 eng d
041 _aEnglish
082 _a610 INC SB0085
100 _aINC
245 _aSyllabus and Regulations Post Basic Diploma in Oncology Nursing
260 _aNew Delhi
_bIndian Nursing Council
_c2005
300 _a39p
_bpb
365 _aRupaye
_b100
_cINR
942 _cSB
999 _c370436
_d370436